Countries that Qantas flys to in 2025 - Map - Statistics

General Stats
  • This quiz has been taken 48 times
    19 since last reset
  • The average score is 22 of 24
Answers on the Map
Answers color-coded by a green-red scale on the quiz's map according to % correct below.
 
Answer Stats
Answer % Correct
Australia
100%
Chile
100%
France
100%
India
100%
Indonesia
100%
Japan
100%
New Zealand
100%
Philippines
100%
Thailand
100%
United Kingdom
100%
United States
100%
Canada
93%
Hong Kong
93%
Italy
93%
Papua New Guinea
93%
Singapore
93%
Samoa
86%
South Africa
86%
Fiji
79%
Solomon Islands
79%
Vanuatu
79%
East Timor
64%
Tonga
64%
Palau
57%
No matching quizzes found
Score Distribution
Percent of People with Each Score
Percentile by Number Answered
Your Score History
You have not taken this quiz since the last reset